000 00299 a2200085 4500
082 _a333.7150994 PRO
245 _aProcedural Manual for Preparing Environmental Studies /
_cEnvironmental Assessment Section
260 _aIndiana :
_bEnvironmental Assessment Section,
_c2004
300 _bill. ;
_c30 cm
650 _aEnvironmental Studies
999 _c2070
_d2070